000 00294nam a2200121Ia 4500
005 20251222141841.0
008 251222s9999||||xx |||||||||||||| ||spa||
082 _a839.961/I25
100 _aIbsen, Henrik
245 0 _aBrand, Poema Dramático en Cinco Actos
264 _bEncuentro
942 _cLIB
999 _c7412
_d7412